000 00288nam a22001337a 4500
008 170825b xxu||||| |||| 00| 0 eng d
020 _a9780205687947
041 _aeng
080 _211TH
_a070
100 _a39
101 _aMED
245 _aCOMMUNICATING
_cBERKO,R.M
942 _2udc
_cBK
999 _c25126
_d25126